Skrotenie odvekého nepriateľa

Time-management ako vedná disciplína. Tvorivé narábanie s časom.

Na minha lista:
Detalhes bibliográficos
Autor principal: Šlechta, Miroslav
Formato: Capítulo de Livro
Idioma:eslovaco
Assuntos:
Tags: Adicionar Tag
Sem tags, seja o primeiro a adicionar uma tag!

MARC

LEADER 00000naa a2200000 4500
001 0124393
005 20231006123637.9
041 0 |a slo 
044 |a SK 
245 1 0 |a Skrotenie odvekého nepriateľa  |c Miroslav Šlechta 
520 |a Time-management ako vedná disciplína. Tvorivé narábanie s časom. 
610 2 0 |a riadenie času 
610 2 0 |a manažment času 
610 2 0 |a organizácia času 
610 2 0 |a plánovanie času 
100 1 |a Šlechta, Miroslav